<?xml version="1.0" encoding="utf-8"?>
<?xml-stylesheet type='text/xsl' href='./oai2.xsl'?>
<OAI-PMH xmlns="http://www.openarchives.org/OAI/2.0/" xmlns:xsi="http://www.w3.org/2001/XMLSchema-instance" xsi:schemaLocation="http://www.openarchives.org/OAI/2.0/ http://www.openarchives.org/OAI/2.0/OAI-PMH.xsd">
  <responseDate>2026-06-06T23:27:15Z</responseDate>
  <request verb="GetRecord" metadataPrefix="marcxml" identifier="record_kuniweb_2504652">https://kulturerbe.niedersachsen.de/oai</request>
  <GetRecord>
    <record>
      <header>
        <identifier>record_kuniweb_2504652</identifier>
        <datestamp>2026-03-31T19:09:18Z</datestamp>
        <setSpec>slg0175</setSpec>
      </header>
      <metadata>
        <marc:record xmlns:marc="http://www.loc.gov/MARC21/slim" xsi:schemaLocation="http://www.loc.gov/MARC21/slim http://www.loc.gov/standards/marcxml/schema/MARC21slim.xsd">
          <marc:leader>12345nkm  22     uu 4500</marc:leader>
          <marc:controlfield tag="001">2504652</marc:controlfield>
          <marc:controlfield tag="003">http://kuniweb.gbv.de</marc:controlfield>
          <marc:controlfield tag="005">2024-04-11T14:43:15</marc:controlfield>
          <marc:controlfield tag="008">|           ||||||||||||||||||||||</marc:controlfield>
          <marc:datafield tag="245" ind1="1" ind2="0">
            <marc:subfield code="a">Der Heilige Sebald auf der Säule/ Der Drache</marc:subfield>
          </marc:datafield>
          <marc:datafield tag="720" ind1=" " ind2=" ">
            <marc:subfield code="a">Albrecht Dürer</marc:subfield>
          </marc:datafield>
          <marc:datafield tag="720" ind1=" " ind2=" ">
            <marc:subfield code="a">Michael Wolgemut</marc:subfield>
          </marc:datafield>
          <marc:datafield tag="720" ind1=" " ind2=" ">
            <marc:subfield code="a">Ralf von Retberg</marc:subfield>
          </marc:datafield>
          <marc:datafield tag="655" ind1=" " ind2="7">
            <marc:subfield code="a">Grafik</marc:subfield>
          </marc:datafield>
          <marc:datafield tag="046" ind1=" " ind2=" ">
            <marc:subfield code="k">1865</marc:subfield>
            <marc:subfield code="k">1865 (Produktion der Reproduktion)</marc:subfield>
          </marc:datafield>
          <marc:datafield tag="260" ind1=" " ind2=" ">
            <marc:subfield code="g">1865</marc:subfield>
            <marc:subfield code="g">1865 (Produktion der Reproduktion)</marc:subfield>
          </marc:datafield>
          <marc:datafield tag="300" ind1=" " ind2=" ">
            <marc:subfield code="a">Höhe: 130 mm (Darstellung "Drache")
Breite: 434 mm (Darstellung "Drache")
Höhe: 280 mm (Darstellung "Sebald")
Breite: 95 mm (Darstellung "Sebald")
Höhe: 478 mm (Blatt)
Breite: 290 mm (Blatt)</marc:subfield>
          </marc:datafield>
          <marc:datafield tag="520" ind1=" " ind2=" ">
            <marc:subfield code="a">lithographische Reproduktion zweier Holzschnitte von Ralf von Retberg. "Heiliger Sebald" nach dem Original von Dürer (Hell. 1865), erschienen neben einem Gedicht von Celtis als Flugblatt zu Ehren des Nürnberger Stadtheiligen Sebald; Neuauflage des Motivs von Dürer 1501, nachdem die Druckformen von Michael Wolgemut 1495 verloren gingen; unterhalb der Säule die Wappen des Kirchenmeisters der Nürnberger Sebalduskirche, Sebald Schreyer, sowie des Konrad Celtis, oberhalb des Heiligen das dänische und französische Königswappen (Vgl. Schoch/ Mende 2002, S. 112-115).
"Der Drache" wohl nicht von Dürer, sondern nur nach dessen Manier. Der Eintrag bei Joseph Heller (Hell. 2105 - von Retberg fälschlich als Hell. 2103 gekennzeichnet) verweist darauf, dass "Bartsch behauptet daß es gar nicht von Dürer sey." (T. Mahler 02/2024)

Aufschrift:
"Der heil Sebald auf der Seule/ Holzschnitt Albr. Dürers/ B. ap. 20, Pass. 185, Hell. 1865/ Kopie" (verso "Heiliger Sebald") "Der Drache/ Holzschnitt Albr. Dürers, B. ap. 40; Pass. 200, Hell. 2103 - Kopie." (verso "Der Drache") (verso; gedruckte handschriftliche Widmung Ralf von Retbergs)

Beschrieben in:
Y. Doosry, A. Dürer, R. Schoch, M. Mende, und A. Scherbaum, „Holzschnitte und Holzschnittfolgen“, Albrecht Dürer, das druckgraphische Werk, Bd. Bd. 2. Prestel, München [u.a.], 2002. ("Der Heilige Sebaldus auf der Säule (Flugblatt aus der Ode des Conrad Celtis an den heiligen Sebaldus)", Nr. 129, S. 112-115)</marc:subfield>
          </marc:datafield>
          <marc:datafield tag="650" ind1="1" ind2=" ">
            <marc:subfield code="a">Grafik, Fotografie &gt; Druckgrafik &gt; Flachdruck &gt; Lithografie</marc:subfield>
          </marc:datafield>
          <marc:datafield tag="773" ind1="0" ind2=" ">
            <marc:subfield code="t">Sammlung und Nachlass Hermann Allmers</marc:subfield>
          </marc:datafield>
          <marc:datafield tag="852" ind1=" " ind2=" ">
            <marc:subfield code="a">Archiv des Landkreises Cuxhaven</marc:subfield>
          </marc:datafield>
          <marc:datafield tag="852" ind1=" " ind2=" ">
            <marc:subfield code="a">Nürnberg</marc:subfield>
          </marc:datafield>
          <marc:datafield tag="" ind1=" " ind2=" ">
            <marc:subfield code="a">Sammlung und Nachlass Hermann Allmers sind Eigentum der Hermann-Allmers-Gesellschaft e. V. und werden in zwei Teilen an zwei Standorten verwahrt:
Die (museale) Sammlung, bestehend aus Mobiliar und Hausgerät, Tafelgemälden, kleineren und größeren Antiken, Gipsabgüssen, kunsthandwerklichen Objekten aus Keramik und Glas und einer kleinen Bibliothek, befindet sich im Allmers-Haus in Rechtenfleth.
Der literarische, grafische und fotografische "Nachlass Hermann Allmers" hingegen ist im Archiv des Landkreises Cuxhaven in Otterndorf deponiert.</marc:subfield>
          </marc:datafield>
          <marc:datafield tag="" ind1=" " ind2=" ">
            <marc:subfield code="a">Namensnennung - Nicht kommerziell - Keine Bearbeitungen 4.0 International (CC BY-NC-ND 4.0)</marc:subfield>
          </marc:datafield>
        </marc:record>
      </metadata>
    </record>
  </GetRecord>
</OAI-PMH>
